00962nas a2200289 4500001001300000003000900013005001700022007000300039008003400042040005400076041000900130072001300139100002100152100001800173100002000191100001600211100001900227245012900246650000800375650002500383650002900408650001400437650002300451650001600474773011600490856006600606BR2019001575BR-BrBNA20231205131934.0ta230509b bl.|||p| |||| 00| 00por d aBR-BrBNAbporcBiblioteca Nacional de Agricultura a(Pt) aF01; F601 aSantos, L. de S.1 aRibeiro, V.G.1 aLima, M.A.C. de1 aSouza, E.R.1 aShishido, W.K.1 aInfluência do ácido giberélico na fisiologia e qualidade da videira cv Sweet Celebration no submédio São Francisco aUVA aÁCIDO GIBERÉLICO aREGULADOR DE CRESCIMENTO aQUALIDADE aFISIOLOGIA VEGETAL aVITICULTURA0 tRevista Brasileira de Fruticultura (Brazil)xISSN 1806-9967 g(Oct-Dec 2015), v. 37(4) p. 827-834wBR201900157540uhttp://www.scielo.br/pdf/rbf/v37n4/0100-2945-rbf-37-4-827.pdf